Econometría (Registro nro. 4132)
[ vista simple ]
| 000 -LEADER | |
|---|---|
| fixed length control field | 01500 a2200217 4500 |
| 001 - CONTROL NUMBER | |
| control field | 46058 |
| 005 - DATE AND TIME OF LATEST TRANSACTION | |
| control field | 20260407155733.0 |
| 008 - FIXED-LENGTH DATA ELEMENTS--GENERAL INFORMATION | |
| fixed length control field | 260407a1998 arg spa d |
| 003 - CONTROL NUMBER IDENTIFIER | |
| control field | AR-UNSa-BCEJYS |
| 040 ## - CATALOGING SOURCE | |
| Original cataloging agency | AR-UNSa-BCEJYS |
| Language of cataloging | spa |
| Transcribing agency | AR-UNSa-BCEJYS |
| 080 ## - UNIVERSAL DECIMAL CLASSIFICATION NUMBER | |
| Universal Decimal Classification number | 330.43 |
| Common auxiliary subdivision | Econometría |
| 020 ## - INTERNATIONAL STANDARD BOOK NUMBER | |
| International Standard Book Number | 84-291-2613-9 |
| 100 1# - MAIN ENTRY--PERSONAL NAME | |
| Personal name | Caridad y Ocerín, José Maria |
| 245 10 - TITLE STATEMENT | |
| Title | Econometría |
| Name of part/section of a work | Modelos econométricos y series temporales con los paquetes TSP y TSP |
| 264 #1 - PRODUCTION, PUBLICATION, DISTRIBUTION, MANUFACTURE, AND COPYRIGHT NOTICE | |
| Place of production, publication, distribution, manufacture | Barcelona : |
| Name of producer, publisher, distributor, manufacturer | Reverté |
| Date of production, publication, distribution, manufacture, or copyright notice | 1998 |
| 300 ## - PHYSICAL DESCRIPTION | |
| Extent | 2v.(302 - 282 p.) |
| Dimensions | 24 cm. |
| 505 ## - FORMATTED CONTENTS NOTE | |
| Formatted contents note | Vol. I: 1. Introducción a los modelos econométricos – 2. Asociación entre variables. El método de mínimos cuadrados – 3. El modelo lineal uniecuacional – 4. Problemas en la estimación de modelos – 5. El modelo lineal general – 6. Modelos con variables cualitativas – 7. Micro-TSP – 8. TSP – Vol. II: Parte 1: Modelos econométricos multiecuacionales 1: 1. Modelos multiecuacionales. Especificación – 2. Modelos multiecuacionales. Estimación y predicción – Parte 2: Predicción económica y series temporales: 3. La predicción en la economía – 4. Modelización de una serie – 5. Series estacionarias: Modelos Arma. Modelos Arina – 6. Análisis clásico de series – 7. Modelos de función de transferencia – 8. Análisis espectral - |
| 590 ## - LOCAL NOTE (RLIN) | |
| Local note | niveau_biblio:m niveau_hierar:0 |
| 856 41 - ELECTRONIC LOCATION AND ACCESS | |
| Uniform Resource Identifier | <a href="https://www.biblioeco.unsa.edu.ar/pmb/images/libros/L127300.jpg">https://www.biblioeco.unsa.edu.ar/pmb/images/libros/L127300.jpg</a> |
| Link text | Imagen de portada |
| Electronic format type | image/jpeg |
| 942 ## - ADDED ENTRY ELEMENTS (KOHA) | |
| Koha item type | |
| Withdrawn status | Lost status | Damaged status | Not for loan | Home library | Current library | Shelving location | Date acquired | Total checkouts | Full call number | Barcode | Date last seen | Price effective from | Koha item type |
|---|---|---|---|---|---|---|---|---|---|---|---|---|---|
| Biblioteca Prof. Eusebio Cleto del Rey | Biblioteca Prof. Eusebio Cleto del Rey | 07/04/2026 | 330.43 C277 v.1 | L127300 | 07/04/2026 | 07/04/2026 | Libro | ||||||
| Biblioteca Prof. Eusebio Cleto del Rey | Biblioteca Prof. Eusebio Cleto del Rey | 07/04/2026 | 330.43 C277 v.2 | L127301 | 07/04/2026 | 07/04/2026 | Libro | ||||||
| Biblioteca Prof. Eusebio Cleto del Rey | Biblioteca Prof. Eusebio Cleto del Rey | 07/04/2026 | 330.43 C277 v.1 | L128329 | 07/04/2026 | 07/04/2026 | Libro | ||||||
| Biblioteca Prof. Eusebio Cleto del Rey | Biblioteca Prof. Eusebio Cleto del Rey | 07/04/2026 | 330.43 C277 v.2 | L128330 | 07/04/2026 | 07/04/2026 | Libro |